| 000 | 00415nam a2200157Ia 4500 | ||
|---|---|---|---|
| 008 | 210716s2012 xx 000 0 und d | ||
| 020 | _a9788131786918 | ||
| 041 | _aeng | ||
| 082 | _a005.304 JONC | ||
| 100 | _aJones, Capers;Bonsignour, Olivier. | ||
| 245 | _aEconomics of software quality. | ||
| 250 | _a1 | ||
| 260 |
_aNew Delhi _bPearson Education _c2012 |
||
| 300 | _axxxii,587 | ||
| 650 | _aSoftware Testing | ||
| 999 |
_c193067 _d193067 |
||